[Event "VI Torneo Banco di Roma A"]
[Site "Roma ITA"]
[Date "1982.02.??"]
[Round "1"]
[White "Mariotti, Sergio"]
[Black "Zichichi, Alvise"]
[Result "1/2-1/2"]
[WhiteElo "2455"]
[BlackElo "2400"]
[PlyCount "62"]
[EventDate "1982.02.20"]

1. d4 d5 2. Nf3 Nf6 3. g3 c6 4. Bg2 Bf5 5. O-O h6 6. b3 e6 7. Bb2 Be7 8. Ne5
Nbd7 9. Nd2 O-O 10. e3 Qc7 11. Nxd7 Qxd7 12. c4 b5 13. cxb5 cxb5 14. Qe2 Rfc8
15. Rfc1 a6 16. a3 Rxc1+ 17. Rxc1 Rc8 18. Qd1 b4 19. a4 Rc6 20. f3 Qc8 21. e4
dxe4 22. fxe4 Bg4 23. Rxc6 Qxc6 24. Qb1 e5 25. h3 Bd7 26. dxe5 Nh7 27. Qd3 Be6
28. Kh2 Nf8 29. Nf3 Qc5 30. h4 Qb6 31. Qf1 a5 1/2-1/2

[Event "VI Torneo Banco di Roma A"]
[Site "Roma ITA"]
[Date "1982.02.??"]
[Round "1"]
[White "Robatsch, Karl"]
[Black "Pinter, Jozsef"]
[Result "0-1"]
[WhiteElo "2415"]
[BlackElo "2520"]
[PlyCount "64"]
[EventDate "1982.02.20"]

1. c4 Nf6 2. Nc3 c5 3. g3 e6 4. Nf3 d5 5. cxd5 Nxd5 6. Bg2 Nc6 7. O-O Be7 8. d4
O-O 9. e4 Nxc3 10. bxc3 cxd4 11. cxd4 b6 12. Bb2 Ba6 13. Re1 Nb4 14. Re3 Rc8
15. Rc3 Rxc3 16. Bxc3 Qc7 17. Bxb4 Bxb4 18. Rc1 Qd6 19. Qa4 b5 20. Qb3 Bb7 21.
d5 exd5 22. Nd4 dxe4 23. Nxb5 Qh6 24. Rc7 Qd2 25. a3 Qe1+ 26. Bf1 Bd2 27. Re7
Bc8 28. Qc4 e3 29. Qe2 exf2+ 30. Kg2 Be6 31. Nd4 Bc4 32. Qxc4 Qxe7 0-1

[Event "VI Torneo Banco di Roma A"]
[Site "Roma ITA"]
[Date "1982.02.??"]
[Round "1"]
[White "Tatai, Stefano"]
[Black "Unzicker, Wolfgang"]
[Result "1-0"]
[WhiteElo "2440"]
[BlackElo "2510"]
[PlyCount "61"]
[EventDate "1982.02.20"]

1. e4 e6 2. d4 d5 3. Nc3 Nf6 4. e5 Nfd7 5. f4 c5 6. Nf3 Nc6 7. Be3 cxd4 8. Nxd4
Nxd4 9. Bxd4 Nb8 10. Bd3 Nc6 11. Bf2 Be7 12. O-O O-O 13. Nb5 Bd7 14. c3 a6 15.
Nd4 Nxd4 16. Bxd4 Qc8 17. Qh5 g6 18. Qh6 Re8 19. Rf3 Bf8 20. Qh4 Be7 21. Qf2
Bb5 22. Bc2 Qd8 23. f5 exf5 24. Rxf5 Rf8 25. Qf4 f6 26. exf6 gxf5 27. Qg5+ Kf7
28. Qg7+ Ke8 29. Re1 Rf7 30. Qg8+ Rf8 31. Qxh7 1-0

[Event "VI Torneo Banco di Roma A"]
[Site "Roma ITA"]
[Date "1982.02.??"]
[Round "2"]
[White "Mariotti, Sergio"]
[Black "Robatsch, Karl"]
[Result "1/2-1/2"]
[WhiteElo "2455"]
[BlackElo "2415"]
[PlyCount "102"]
[EventDate "1982.02.20"]

1. e4 c5 2. Nf3 Nc6 3. d4 cxd4 4. Nxd4 Nf6 5. Nc3 d6 6. Bg5 e6 7. Qd2 a6 8.
O-O-O h6 9. Bf4 Bd7 10. Nxc6 Bxc6 11. f3 Qa5 12. Bxd6 Rd8 13. Qf4 Bxd6 14. Rxd6
O-O 15. Rxd8 Rxd8 16. Bd3 b5 17. a3 Qb6 18. Re1 Nd7 19. Rd1 a5 20. Bxb5 Bxb5
21. Nxb5 Qxb5 22. Qc7 Qg5+ 23. f4 Qe7 24. Qxa5 Rc8 25. Qa7 Qc5 26. Qxc5 Nxc5
27. e5 Kf8 28. c3 Ke7 29. Kc2 f6 30. exf6+ gxf6 31. Re1 Kd6 32. b4 Nd7 33. Kb3
Ra8 34. c4 e5 35. Re4 Ke6 36. fxe5 fxe5 37. Rh4 Kf5 38. Rh5+ Kf4 39. Rxh6 e4
40. Re6 Kf5 41. Re7 Nb6 42. a4 Rc8 43. a5 Nxc4 44. a6 e3 45. a7 Ne5 46. Rc7
Rxc7 47. a8=Q e2 48. Qf8+ Rf7 49. Qc8+ Rd7 50. Qf8+ Rf7 51. Qc8+ Rd7 1/2-1/2

[Event "VI Torneo Banco di Roma A"]
[Site "Roma ITA"]
[Date "1982.02.??"]
[Round "2"]
[White "Unzicker, Wolfgang"]
[Black "Marovic, Drazen"]
[Result "1/2-1/2"]
[WhiteElo "2510"]
[BlackElo "2440"]
[PlyCount "61"]
[EventDate "1982.02.20"]

1. e4 c6 2. d4 d5 3. Nd2 dxe4 4. Nxe4 Nf6 5. Nxf6+ gxf6 6. Bc4 Bf5 7. Ne2 e6 8.
Ng3 Bg6 9. Bf4 h5 10. h4 Bd6 11. Bxd6 Qxd6 12. Qd2 Nd7 13. O-O-O Nb6 14. Bb3 a5
15. a3 a4 16. Ba2 Nd5 17. Ne2 b5 18. c3 Nb6 19. f3 O-O-O 20. Nf4 Rdg8 21. Rdg1
Kb7 22. Qe3 Bf5 23. Nxh5 Rxh5 24. g4 Nd5 25. Qd2 Rh7 26. gxf5 Rxh4 27. Bxd5
Qxd5 28. fxe6 fxe6 29. Qf2 Rxh1 30. Rxh1 Qg5+ 31. Kb1 1/2-1/2

[Event "VI Torneo Banco di Roma A"]
[Site "Roma ITA"]
[Date "1982.02.??"]
[Round "2"]
[White "Zichichi, Alvise"]
[Black "Soos, Bela"]
[Result "1/2-1/2"]
[WhiteElo "2400"]
[BlackElo "2415"]
[PlyCount "56"]
[EventDate "1982.02.20"]

1. Nf3 c5 2. e4 Nc6 3. Bb5 g6 4. O-O Bg7 5. c3 Nf6 6. Re1 O-O 7. h3 a6 8. Bf1
e5 9. d4 cxd4 10. cxd4 exd4 11. Nxd4 Nxd4 12. Qxd4 Re8 13. e5 d6 14. Rd1 Nd7
15. Qxd6 Bxe5 16. Qd5 Qc7 17. Nc3 Nf6 18. Qf3 Bd7 19. Bh6 Bc6 20. Qd3 Rad8 21.
Qc4 Qb6 22. Rxd8 Rxd8 23. Re1 Re8 24. Re2 Qd4 25. Qxd4 Bxd4 26. Rxe8+ Nxe8 27.
Bd2 Nd6 28. Bd3 Kg7 1/2-1/2

[Event "VI Torneo Banco di Roma A"]
[Site "Roma ITA"]
[Date "1982.02.??"]
[Round "3"]
[White "Benko, Pal C."]
[Black "Mariotti, Sergio"]
[Result "1-0"]
[WhiteElo "2470"]
[BlackElo "2455"]
[PlyCount "117"]
[EventDate "1982.02.20"]

1. b3 e5 2. Bb2 Nc6 3. c4 Nge7 4. e3 Nf5 5. Nc3 g6 6. g3 Bg7 7. Bg2 d6 8. Nge2
h5 9. h3 Bd7 10. Nd5 Qc8 11. Rc1 Nfe7 12. d4 O-O 13. dxe5 dxe5 14. Ba3 Re8 15.
Nec3 Nxd5 16. cxd5 Nd4 17. exd4 exd4+ 18. Ne2 Bb5 19. Rc4 Bxc4 20. bxc4 c5 21.
O-O b6 22. Nf4 Qa6 23. Qb3 Red8 24. Bc1 Bf8 25. Bd2 Bd6 26. Bf3 Qc8 27. Kg2 Qf5
28. Qb1 Qf6 29. h4 Rab8 30. Rc1 a6 31. a4 Kg7 32. Be4 Qe7 33. Bd3 Qd7 34. Qc2
Qg4 35. Qd1 Qxd1 36. Rxd1 Re8 37. Rc1 Rb7 38. Nh3 Kf8 39. Ng5 Kg7 40. Ne4 Bb8
41. Kf3 f6 42. Bf4 Bxf4 43. Kxf4 Reb8 44. Rc2 Rc7 45. Rc1 Rcc8 46. Ra1 Rc7 47.
Bf1 Re7 48. a5 Rbe8 49. Bd3 b5 50. cxb5 c4 51. Nd6 Rd8 52. Nxc4 axb5 53. Nb6
Ra7 54. Bxb5 Kf7 55. Ke4 Rb8 56. Kxd4 Ke7 57. Kc5 Rc7+ 58. Bc6 Ra7 59. d6+ 1-0

[Event "VI Torneo Banco di Roma A"]
[Site "Roma ITA"]
[Date "1982.02.??"]
[Round "3"]
[White "Marovic, Drazen"]
[Black "Korchnoi, Viktor L."]
[Result "1/2-1/2"]
[WhiteElo "2440"]
[BlackElo "2645"]
[PlyCount "82"]
[EventDate "1982.02.20"]

1. Nf3 Nf6 2. c4 e6 3. Nc3 Bb4 4. Qc2 O-O 5. g3 d5 6. a3 Be7 7. cxd5 exd5 8. d4
c6 9. Bg2 Bd6 10. Bf4 Bxf4 11. gxf4 Na6 12. e3 Nc7 13. Ne2 Nce8 14. Ng3 Nd6 15.
Ne5 g6 16. Bf1 Nf5 17. Nxf5 Bxf5 18. Bd3 Bxd3 19. Qxd3 Qc8 20. h4 Nh5 21. O-O-O
Kh8 22. Rdg1 Qe8 23. Kb1 f6 24. Nf3 Qe6 25. Ka1 Rae8 26. Nd2 Re7 27. Nf1 Rg7
28. Ng3 Nxg3 29. Rxg3 Qf5 30. Qd1 Rfg8 31. Rhg1 h6 32. Rh1 Kh7 33. Qb1 h5 34.
Rhg1 Qxb1+ 35. Kxb1 Kh6 36. Rh3 Rf8 37. Kc2 b6 38. Kd3 c5 39. dxc5 bxc5 40. Rc1
Rc8 41. b4 Rgc7 1/2-1/2

[Event "VI Torneo Banco di Roma A"]
[Site "Roma ITA"]
[Date "1982.02.??"]
[Round "3"]
[White "Robatsch, Karl"]
[Black "Zichichi, Alvise"]
[Result "1/2-1/2"]
[WhiteElo "2415"]
[BlackElo "2400"]
[PlyCount "29"]
[EventDate "1982.02.20"]

1. c4 e6 2. Nf3 d5 3. g3 f5 4. Bg2 Nf6 5. O-O c6 6. Qc2 Be7 7. d3 O-O 8. Nbd2
a5 9. e4 Na6 10. cxd5 cxd5 11. exf5 exf5 12. Ne5 Nb4 13. Qd1 Bd6 14. Ndf3 Re8
15. d4 1/2-1/2

[Event "VI Torneo Banco di Roma A"]
[Site "Roma ITA"]
[Date "1982.02.??"]
[Round "3"]
[White "Tatai, Stefano"]
[Black "Pinter, Jozsef"]
[Result "1/2-1/2"]
[WhiteElo "2440"]
[BlackElo "2520"]
[PlyCount "79"]
[EventDate "1982.02.20"]

1. e4 e5 2. Nf3 Nc6 3. Nc3 Nf6 4. d4 exd4 5. Nxd4 Bb4 6. Nxc6 bxc6 7. Bd3 d5 8.
exd5 cxd5 9. O-O O-O 10. Bg5 Be6 11. Nb5 c5 12. a3 Ba5 13. b4 Bb6 14. bxc5 Bxc5
15. Qf3 Rc8 16. c3 h6 17. Bxf6 Qxf6 18. Qxf6 gxf6 19. a4 Rfd8 20. Rfd1 Bd7 21.
Be2 Bf5 22. Rd2 a6 23. Nd4 Bxd4 24. cxd4 a5 25. f3 Rc3 26. Kf2 Rdc8 27. Bb5 Rc2
28. Ra2 Kf8 29. Rdxc2 Rxc2+ 30. Rxc2 Bxc2 31. Ke3 Ke7 32. Kd2 Bb3 33. h4 Ke6
34. g3 Ke7 35. g4 Ke6 36. f4 Ke7 37. Kc1 Ke6 38. Kd2 Ke7 39. h5 Kf8 40. Kc1
1/2-1/2

[Event "VI Torneo Banco di Roma A"]
[Site "Roma ITA"]
[Date "1982.02.??"]
[Round "4"]
[White "Mariotti, Sergio"]
[Black "Tatai, Stefano"]
[Result "1-0"]
[WhiteElo "2455"]
[BlackElo "2440"]
[PlyCount "67"]
[EventDate "1982.02.20"]

1. d4 Nf6 2. c4 d6 3. Nc3 e5 4. Nf3 Nbd7 5. e4 g6 6. g3 Bg7 7. Bg2 O-O 8. O-O
c6 9. h3 Re8 10. Re1 a5 11. b3 exd4 12. Nxd4 Nc5 13. Rb1 Qb6 14. Bb2 Nfd7 15.
Ba1 Nf8 16. Kh2 h5 17. Qd2 h4 18. g4 Nfe6 19. Nxe6 Nxe6 20. f4 Qd4 21. Qxd4
Bxd4 22. Ne2 Bxa1 23. Rxa1 Nc5 24. Rad1 Kf8 25. Ng1 a4 26. b4 Na6 27. a3 Be6
28. Bf1 Ke7 29. Nf3 Rh8 30. f5 Bc8 31. e5 dxe5 32. Rxe5+ Kf6 33. Rd6+ Kg7 34.
fxg6 $138 1-0

[Event "VI Torneo Banco di Roma A"]
[Site "Roma ITA"]
[Date "1982.02.??"]
[Round "4"]
[White "Pinter, Jozsef"]
[Black "Marovic, Drazen"]
[Result "1-0"]
[WhiteElo "2520"]
[BlackElo "2440"]
[PlyCount "69"]
[EventDate "1982.02.20"]

1. Nf3 d5 2. d4 c6 3. c4 Nf6 4. Nc3 dxc4 5. e3 b5 6. a4 b4 7. Nb1 Ba6 8. Qc2 e6
9. Nbd2 Be7 10. Bxc4 Bxc4 11. Nxc4 Nbd7 12. O-O c5 13. b3 O-O 14. Bb2 Rc8 15.
Rfd1 Qc7 16. Rac1 Rfd8 17. Qb1 h6 18. h3 Qb7 19. Nfe5 Nd5 20. Qe4 f5 21. Qf3
cxd4 22. Bxd4 Nxe5 23. Bxe5 Bf8 24. Rd3 Rd7 25. Rcd1 Rcd8 26. g4 g6 27. gxf5
gxf5 28. Kh2 Bg7 29. Rg1 Kf8 30. Qh5 Nf6 31. Bxf6 Qc7+ 32. f4 Bxf6 33. Qxh6+
Bg7 34. Rxg7 Rxg7 35. Qf6+ $138 1-0

[Event "VI Torneo Banco di Roma A"]
[Site "Roma ITA"]
[Date "1982.02.??"]
[Round "4"]
[White "Zichichi, Alvise"]
[Black "Unzicker, Wolfgang"]
[Result "1/2-1/2"]
[WhiteElo "2400"]
[BlackElo "2510"]
[PlyCount "47"]
[EventDate "1982.02.20"]

1. Nf3 Nf6 2. c4 g6 3. g3 Bg7 4. Bg2 O-O 5. O-O d6 6. Nc3 e5 7. d3 Nc6 8. Ne1
Nh5 9. Rb1 a5 10. a3 f5 11. b4 axb4 12. axb4 Ne7 13. Bg5 Nf6 14. b5 h6 15. Bxf6
Bxf6 16. Qb3 c6 17. Nc2 Be6 18. Ra1 Qd7 19. Rxa8 Rxa8 20. Rb1 Kf8 21. Na4 Qc7
22. Nc3 Bf7 23. h3 Qd7 24. Na4 1/2-1/2

[Event "VI Torneo Banco di Roma A"]
[Site "Roma ITA"]
[Date "1982.02.??"]
[Round "5"]
[White "Benko, Pal C."]
[Black "Zichichi, Alvise"]
[Result "1/2-1/2"]
[WhiteElo "2470"]
[BlackElo "2400"]
[PlyCount "27"]
[EventDate "1982.02.20"]

1. e4 c5 2. Nf3 e6 3. d3 d5 4. Nbd2 Nc6 5. g3 Nf6 6. Bg2 Be7 7. O-O h6 8. Re1
Qd7 9. a3 b6 10. c3 Bb7 11. b4 dxe4 12. dxe4 cxb4 13. axb4 O-O 14. Bb2 1/2-1/2

[Event "VI Torneo Banco di Roma A"]
[Site "Roma ITA"]
[Date "1982.02.??"]
[Round "5"]
[White "Marovic, Drazen"]
[Black "Mariotti, Sergio"]
[Result "1/2-1/2"]
[WhiteElo "2440"]
[BlackElo "2455"]
[PlyCount "52"]
[EventDate "1982.02.20"]

1. Nf3 Nf6 2. c4 g6 3. g3 Bg7 4. Bg2 O-O 5. O-O c6 6. d4 d5 7. cxd5 cxd5 8. Nc3
Ne4 9. Nxe4 dxe4 10. Ne5 Qb6 11. Nc4 Qa6 12. b3 Rd8 13. Bb2 Nc6 14. e3 f5 15.
Qe2 e5 16. dxe5 Nxe5 17. Bxe5 Bxe5 18. Rfd1 Be6 19. Rxd8+ Rxd8 20. Rd1 Rxd1+
21. Qxd1 Bc7 22. a4 Bxc4 23. bxc4 Qxc4 24. Bf1 Qc5 25. Qb3+ Kg7 26. Qxb7 h5
1/2-1/2

[Event "VI Torneo Banco di Roma A"]
[Site "Roma ITA"]
[Date "1982.02.??"]
[Round "5"]
[White "Soos, Bela"]
[Black "Pinter, Jozsef"]
[Result "0-1"]
[WhiteElo "2415"]
[BlackElo "2520"]
[PlyCount "90"]
[EventDate "1982.02.20"]

1. c4 Nf6 2. Nf3 c5 3. g3 d5 4. Bg2 Nc6 5. O-O d4 6. d3 e5 7. e3 Be7 8. exd4
exd4 9. Bf4 O-O 10. Ne5 Nxe5 11. Bxe5 Ng4 12. Bf4 Bd6 13. Bxd6 Qxd6 14. h3 Ne5
15. f4 Nc6 16. Nd2 Bf5 17. Ne4 Bxe4 18. Bxe4 Rae8 19. Re1 Re7 20. Qf3 Rfe8 21.
Re2 f5 22. Bd5+ Kf8 23. Rae1 Rxe2 24. Rxe2 Rxe2 25. Qxe2 Nb4 26. Bxb7 Qe7 27.
Bf3 Qxe2 28. Bxe2 Nxa2 29. Kf2 Nb4 30. Ke1 Nc2+ 31. Kf2 Ne3 32. Bf3 Ke7 33. Ke2
Kd6 34. Kf2 h6 35. Bh5 Kc7 36. Ke2 Kb6 37. g4 Ka5 38. Kf3 Kb4 39. Bg6 fxg4+ 40.
hxg4 a5 41. g5 Kb3 42. gxh6 gxh6 43. f5 Nxf5 44. Bxf5 Kxb2 45. Bd7 Kb3 0-1

[Event "VI Torneo Banco di Roma A"]
[Site "Roma ITA"]
[Date "1982.02.??"]
[Round "5"]
[White "Tatai, Stefano"]
[Black "Robatsch, Karl"]
[Result "1/2-1/2"]
[WhiteElo "2440"]
[BlackElo "2415"]
[PlyCount "46"]
[EventDate "1982.02.20"]

1. d4 Nf6 2. c4 e6 3. Nc3 Bb4 4. e3 c5 5. Nge2 cxd4 6. exd4 O-O 7. a3 Be7 8. d5
exd5 9. cxd5 Bc5 10. Na4 b6 11. b4 Bd6 12. Nec3 Re8+ 13. Be2 Be5 14. f4 Bxc3+
15. Nxc3 Ba6 16. O-O Bxe2 17. Nxe2 a5 18. Bb2 axb4 19. axb4 Rxa1 20. Bxa1 Na6
21. Ng3 Nxb4 22. Nf5 d6 23. Qb3 Qc8 1/2-1/2

[Event "VI Torneo Banco di Roma A"]
[Site "Roma ITA"]
[Date "1982.02.??"]
[Round "6"]
[White "Mariotti, Sergio"]
[Black "Soos, Bela"]
[Result "1-0"]
[WhiteElo "2455"]
[BlackElo "2415"]
[PlyCount "83"]
[EventDate "1982.02.20"]

1. e4 c5 2. c3 d5 3. exd5 Qxd5 4. Nf3 Nf6 5. Be2 e6 6. O-O Be7 7. d4 O-O 8. c4
Qd8 9. Nc3 cxd4 10. Nxd4 e5 11. Ndb5 Nc6 12. Nd5 a6 13. Nbc7 Rb8 14. Be3 Nxd5
15. Nxd5 Be6 16. Bb6 Qd7 17. Qd2 Bxd5 18. cxd5 Bf6 19. Bc4 Rbc8 20. b3 Nd4 21.
a4 Bd8 22. Bxd8 Qxd8 23. f4 Qb6 24. Qf2 e4 25. Rad1 e3 26. Qxe3 Ne2+ 27. Kf2
Qxe3+ 28. Kxe3 Nc3 29. Rc1 Na2 30. Rc2 Nb4 31. Rd2 Rfd8 32. d6 Kf8 33. Rfd1 Rc6
34. Kf2 Rc5 35. g3 g6 36. Rd4 Rc6 37. R1d2 Rb6 38. a5 Rc6 39. Bf1 Nc2 40. Rc4
Rxc4 41. bxc4 Nb4 42. Rb2 1-0

[Event "VI Torneo Banco di Roma A"]
[Site "Roma ITA"]
[Date "1982.02.??"]
[Round "6"]
[White "Robatsch, Karl"]
[Black "Marovic, Drazen"]
[Result "1/2-1/2"]
[WhiteElo "2415"]
[BlackElo "2440"]
[PlyCount "39"]
[EventDate "1982.02.20"]

1. c4 c5 2. Nf3 g6 3. d4 Bg7 4. Nc3 cxd4 5. Nxd4 Nc6 6. Nb3 d6 7. e4 Nf6 8. Be2
a5 9. a4 Be6 10. Be3 O-O 11. Nd4 Nxd4 12. Bxd4 Rc8 13. b3 Nd7 14. Bxg7 Kxg7 15.
Qd4+ f6 16. Bd1 Qc7 17. Nd5 Qc5 18. Qb2 Bxd5 19. exd5 Qb4+ 20. Qd2 1/2-1/2

[Event "VI Torneo Banco di Roma A"]
[Site "Roma ITA"]
[Date "1982.02.??"]
[Round "7"]
[White "Soos, Bela"]
[Black "Robatsch, Karl"]
[Result "1/2-1/2"]
[WhiteElo "2415"]
[BlackElo "2415"]
[PlyCount "145"]
[EventDate "1982.02.20"]

1. d4 Nf6 2. c4 e6 3. Nf3 b6 4. g3 Ba6 5. Nbd2 Bb4 6. Qb3 c5 7. a3 Bxd2+ 8.
Bxd2 Ne4 9. Bg2 Nc6 10. Bc3 O-O 11. O-O Qf6 12. e3 Nxc3 13. Qxc3 Rac8 14. Rfc1
cxd4 15. exd4 Na5 16. c5 d6 17. b4 Nc6 18. cxd6 Qd8 19. Qb2 Bb7 20. b5 Na5 21.
Qb4 Bxf3 22. Bxf3 Qd7 23. d5 Rcd8 24. dxe6 fxe6 25. Rc3 Qxd6 26. Re1 Qd7 27.
Rce3 Rf6 28. Bg4 Re8 29. Rd1 Qf7 30. f4 Nb7 31. Red3 Nc5 32. Rd8 Qf8 33. R8d6
e5 34. fxe5 Rxe5 35. Qc4+ Kh8 36. R6d4 Re8 37. Bh5 g6 38. Bg4 Qe7 39. Kg2 Qe3
40. Rd8 Rf2+ 41. Kh1 Rxd8 42. Rxd8+ Kg7 43. Qd4+ Qxd4 44. Rxd4 Ra2 45. h4 Rxa3
46. Kg2 Ra2+ 47. Kf3 Kf6 48. Rf4+ Ke5 49. Rf7 h5 50. Bh3 Ra3+ 51. Kg2 Ne4 52.
Rf3 Ra5 53. Bd7 Ra2+ 54. Kg1 Ra1+ 55. Kg2 Ra2+ 56. Kg1 Nf6 57. Bc6 a5 58. bxa6
Rxa6 59. Rb3 Kd6 60. Rf3 Ng4 61. Be8 Ne5 62. Rb3 Kc7 63. Kf2 Ra8 64. Bb5 Rf8+
65. Ke2 Rf6 66. Ba4 Rd6 67. Rc3+ Kd8 68. Re3 Rd5 69. Bc2 Kd7 70. Rb3 Rd6 71.
Be4 Ke7 72. Rb5 Kf6 73. Ke3 1/2-1/2

[Event "VI Torneo Banco di Roma A"]
[Site "Roma ITA"]
[Date "1982.02.??"]
[Round "7"]
[White "Tatai, Stefano"]
[Black "Zichichi, Alvise"]
[Result "1/2-1/2"]
[WhiteElo "2440"]
[BlackElo "2400"]
[PlyCount "22"]
[EventDate "1982.02.20"]

1. e4 e5 2. Nf3 Nc6 3. Bb5 a6 4. Bxc6 dxc6 5. O-O f6 6. d4 Bg4 7. dxe5 Qxd1 8.
Rxd1 fxe5 9. Rd3 Bd6 10. Be3 Nf6 11. Nbd2 O-O-O 1/2-1/2

[Event "VI Torneo Banco di Roma A"]
[Site "Roma ITA"]
[Date "1982.02.??"]
[Round "8"]
[White "Benko, Pal C."]
[Black "Soos, Bela"]
[Result "1/2-1/2"]
[WhiteElo "2470"]
[BlackElo "2415"]
[PlyCount "24"]
[EventDate "1982.02.20"]

1. c4 c5 2. Nf3 g6 3. d4 Bg7 4. e4 d6 5. Be2 Nc6 6. d5 Nd4 7. Nxd4 cxd4 8. O-O
Qb6 9. Nd2 Nf6 10. Rb1 a5 11. b3 O-O 12. Bb2 e5 1/2-1/2

[Event "VI Torneo Banco di Roma A"]
[Site "Roma ITA"]
[Date "1982.02.??"]
[Round "8"]
[White "Mariotti, Sergio"]
[Black "Korchnoi, Viktor L."]
[Result "1-0"]
[WhiteElo "2455"]
[BlackElo "2645"]
[PlyCount "63"]
[EventDate "1982.02.20"]

1. e4 e5 2. Nc3 Nf6 3. g3 Bb4 4. Bg2 O-O 5. Nge2 c6 6. O-O d5 7. exd5 cxd5 8.
d4 exd4 9. Nxd4 Bxc3 10. bxc3 Nbd7 11. Bf4 Nb6 12. Nb5 Bf5 13. Nd6 Be4 14. Bh3
Nc4 15. Nxe4 Nxe4 16. Qd4 Qa5 17. Rfe1 Rae8 18. Bf1 Na3 19. Bd3 Re6 20. f3 Nc5
21. Bf5 Rf6 22. Qxd5 Qxc3 23. Rad1 Rxf5 24. Qxf5 Nxc2 25. Be5 Qc4 26. Bxg7 Kxg7
27. Qg5+ Kh8 28. Rd8 Nd7 29. Ree8 Qd4+ 30. Kg2 Qg7 31. Qe7 Kg8 32. Qxd7 1-0

[Event "VI Torneo Banco di Roma A"]
[Site "Roma ITA"]
[Date "1982.02.??"]
[Round "8"]
[White "Robatsch, Karl"]
[Black "Unzicker, Wolfgang"]
[Result "1/2-1/2"]
[WhiteElo "2415"]
[BlackElo "2510"]
[PlyCount "24"]
[EventDate "1982.02.20"]

1. Nf3 Nf6 2. c4 c5 3. Nc3 e6 4. g3 d5 5. cxd5 Nxd5 6. Bg2 Be7 7. O-O Nc6 8. d4
O-O 9. e4 Ndb4 10. a3 cxd4 11. axb4 dxc3 12. bxc3 b6 1/2-1/2

[Event "VI Torneo Banco di Roma A"]
[Site "Roma ITA"]
[Date "1982.02.??"]
[Round "8"]
[White "Zichichi, Alvise"]
[Black "Pinter, Jozsef"]
[Result "0-1"]
[WhiteElo "2400"]
[BlackElo "2520"]
[PlyCount "40"]
[EventDate "1982.02.20"]

1. Nf3 Nf6 2. c4 c5 3. Nc3 d5 4. cxd5 Nxd5 5. d4 e6 6. e3 Nc6 7. Bd3 Be7 8. O-O
O-O 9. a3 cxd4 10. exd4 Bf6 11. Be4 Qd6 12. Qd3 h6 13. Rd1 b6 14. g3 Nce7 15.
Nd2 Bb7 16. Bg2 Nxc3 17. Bxb7 Nxd1 18. Bxa8 Nxf2 19. Qf3 Nh3+ 20. Kg2 Ng5 0-1

[Event "VI Torneo Banco di Roma A"]
[Site "Roma ITA"]
[Date "1982.02.??"]
[Round "9"]
[White "Marovic, Drazen"]
[Black "Zichichi, Alvise"]
[Result "1/2-1/2"]
[WhiteElo "2440"]
[BlackElo "2400"]
[PlyCount "23"]
[EventDate "1982.02.20"]

1. d4 d5 2. c4 c6 3. Nf3 e6 4. cxd5 cxd5 5. Nc3 Nc6 6. Bf4 Bd6 7. Bg3 f5 8. a3
a6 9. e3 Nf6 10. Bd3 O-O 11. O-O b5 12. Rc1 1/2-1/2

[Event "VI Torneo Banco di Roma A"]
[Site "Roma ITA"]
[Date "1982.02.??"]
[Round "9"]
[White "Soos, Bela"]
[Black "Tatai, Stefano"]
[Result "1/2-1/2"]
[WhiteElo "2415"]
[BlackElo "2440"]
[PlyCount "21"]
[EventDate "1982.02.20"]

1. d4 Nf6 2. c4 d6 3. Nf3 g6 4. Nc3 Bg7 5. e4 O-O 6. h3 e5 7. d5 Nh5 8. Nh2 Qe8
9. Be2 Nf4 10. Bf3 f5 11. h4 1/2-1/2